zpět

Detail výsledku týmu

Harry, Brno

Datum a čas kvízu

16.5 Celkem bodů Celkový počet nahraných bodů na tomto kvízu bez doplňovacích otázek.
15. Pořadí na kvízu Konečné umístění týmu na tomto kvízu.

Zaznamenané odpovědi

# Otázka Odpověď Body Výsledky
1. Automobilka Škoda v minulém tý... Laurin & Klement Kampus 1
2. Které tři evropské země uznaly... Norsko, Španělsko, Irsko 0.5
3. Jak se nazývá literární festiv... Svět knihy 0
4. Minulý týden byl oznámen konec... ICQ 1
5. „Bohužel nemám dobré zprávy. K... Patrik Kincl 1
6. Jak se nazývají dva nejdůležit... Franská říše, Byzantská (Východořímská) říše 1
7. Jak se jmenoval významný střed... Vilém I. Dobyvatel 0
8. Na fotografii vidíme sochu prv... Arnošt z Pardubic 0
9. Vytvořte z těchto středověkých... 1A 2C 3B 4D 0
10. Závěrem tématu se podíváme na... šlojíř, šlář 0